How much do you know about real italian food? - Statistics

General Stats
  • This quiz has been taken 140 times
  • The average score is 6 of 10
Answer Stats
Hint Answer % Correct
A typical dessert made with coffee and mascarpone Tiramisù
97%
It was born in Naples Pizza
91%
Layers of pasta, ragù and bechamel create a.. Lasagna
89%
Crushed basil with pine nuts and parmesan Pesto
82%
You use guanciale and egg yolks, not panna and bacon to make.. Carbonara
69%
Fried ball of rice with various ingredients inside (mostly ragù) Arancina
68%
Alcoholic drink drank with aperitivo around 7 pm Aperol Spritz
54%
A cheese with an unpleasant smell Gorgonzola
50%
Gin, Bitter and Red Vermut create this famous drink Negroni
35%
Rice dish with saffron Milanese risotto
7%
No matching quizzes found
Score Distribution
Percent of People with Each Score
Percentile by Number Answered
Your Score History
You have not taken this quiz